El significado de la cruz en la cristología de N.T. Wright (Registro nro. 67364)
[ vista simple ]
| 000 -LÍDER | |
|---|---|
| Campo fijo de descripción fija | 01692nab a2200205 i 4500 |
| 001 - NÚMERO DE CONTROL | |
| Campo de control | 768714001 |
| 003 - IDENTIFICADOR DEL NÚMERO DE CONTROL | |
| Campo de control | CO-MdFUSB |
| 005 - FECHA Y HORA DE LA ULTIMA TRANSACCIÓN | |
| control field | 20230111155053.0 |
| 008 - ELEMENTOS DE LONGITUD FIJA -- INFORMACIÓN GENERAL | |
| Campo fijo de descripción fija -- Información general | 220305b ck ||||| |||| 00| 0 spa d |
| 022 ## - NÚMERO INTERNACIONAL NORMALIZADO PARA PUBLICACIONES SERIADAS | |
| Número Internacional Normalizado para Publicaciones Seriadas | 1014-9341 |
| 040 ## - FUENTE DE CATALOGACIÓN | |
| Agencia Catalogadora | CO-MdFUSB |
| Idioma de catalogación | spa |
| Agencia que realiza la transcripción | CO-MdFUSB |
| Agencia que realiza la modificación | CO-MdFUSB |
| 041 ## - CÓDIGO DE IDIOMA | |
| Código de idioma para texto/pista de sonido o título separado | spa |
| 100 ## - ASIENTO PRINCIPAL--NOMBRE PERSONAL | |
| Término relacionador | autor |
| Nombre personal | Corpeño, Gerardo, |
| 245 #3 - TÍTULO | |
| Título | El significado de la cruz en la cristología de N.T. Wright |
| Mención de responsabilidad | / Gerardo Corpeño |
| 300 ## - DESCRIPCIÓN FÍSICA | |
| Extensión | Número 49 (Julio - Diciembre, 2011), páginas 37-66 |
| Dimensiones | ; 23 cm |
| 520 ## - NOTA DE RESUMEN, ETC. | |
| Nota de sumario, etc. | El acercamiento de Wright se ubica en la tercera búsqueda de Jesús histórico. Mediante la metodología del realismo critico, él busca entender a Jesús a la luz de la cosmovisión judía del primer siglo y la gran historia que la expresaba. Según Wright, Jesús vino como un profeta escatológico que apelaba a aquella gran narrativa, en que Dios pondría fin al exilio, derrotara a sus enemigos e instauraría su reino sobre las naciones. Jesús también vino como el Mesías, como indico en su acción en el templo y la ultima cena. Como el Mesías representante de Israel, tomo sobre si el juicio escatológico de Israel y por su muerte redimió al remanente fiel de Israel. Así Dios venció a Satanás y sus fuerzas, que estaban detrás de la maldad en Roma e Israel. Las evaluaciones de esta propuesta de Wright han señalado fortalezas y debilidades. La propuesta puede ser útil en la elaboración de una cristología de la cruz que concuerde con las Escrituras y sea más relevante para Latinoamérica.<br/> |
| 650 #7 - ASIENTO SECUNDARIO DE MATERIA - TERMINO TEMÁTICO | |
| 9 (RLIN) | 239 |
| Término temático o nombre geográfico como elemento de entrada | Cristología |
| 773 ## - ASIENTO DE ITEM FUENTE | |
| Biblionumber | 49489 |
| Itemnumber | 80010 |
| Parte(s) relacionada(s) / Volumen., número. (mes año), páginas | Número 49 (Julio - Diciembre, 2011), páginas 37-66 |
| Enumeración y primera página | páginas 37 |
| Título | Kairós |
| 942 ## - TIPO DE MATERIAL (KOHA) | |
| Tipo de Item KOHA | Artículos de Revista |
No hay ítems disponibles.
